Elements of mechanical engineering (Record no. 185258)

000 -LEADER
fixed length control field 00377nam a2200133Ia 4500
008 - FIXED-LENGTH DATA ELEMENTS--GENERAL INFORMATION
fixed length control field 220217s9999||||xx |||||||||||||| ||und||
020 ## - INTERNATIONAL STANDARD BOOK NUMBER
International Standard Book Number 9788120346291
082 ## - DEWEY DECIMAL CLASSIFICATION NUMBER
Classification number 620 MAN
100 ## - MAIN ENTRY--PERSONAL NAME
Personal name Manglik, V.K
245 #0 - TITLE STATEMENT
Title Elements of mechanical engineering
260 ## - PUBLICATION, DISTRIBUTION, ETC.
Place of publication, distribution, etc. Prentice hall of India pvt. ltd.
Name of publisher, distributor, etc. New Delhi
Date of publication, distribution, etc. 2013
300 ## - PHYSICAL DESCRIPTION
Extent XXI, 593p.
Other physical details 425
650 ## - SUBJECT ADDED ENTRY--TOPICAL TERM
Topical term or geographic name entry element MECHANICHAL
Holdings
Withdrawn status Lost status Damaged status Not for loan Collection code Home library Current library Shelving location Date acquired Full call number Barcode Date last seen Price effective from Koha item type
        Mechanical Engineering Central Library Central Library Book Cart 02/18/2022 620 MAN 20447 02/18/2022 02/18/2022 Books

Powered by Koha